| 000 | 01007cab a2200253 4500 | ||
|---|---|---|---|
| 001 | ABS60007 | ||
| 008 | 090401t1999 xxu||||| |||| 00| 0 eng d | ||
| 035 | _a(Sirsi) u90700 | ||
| 041 | _aeng | ||
| 100 | _aAlderson, F. | ||
| 245 | _aFlexing time at work | ||
| 260 | _c1999 | ||
| 350 | _a0 | ||
| 490 |
_aConstruction News _v(6597) 7 January 1999, 20(1) |
||
| 520 | _aExplores the aspect of the European Working Time Directive which allows employers to enter into `workforce aagreements` with elected representatives of the workforce. Makes the point that such agreements can either be with all `relevant members` of the entire workforce or all of the relevant members of the workforce `who belong to a particular group`. | ||
| 650 | _aEC DIRECTIVES | ||
| 650 |
_aHEALTH AND SAFETY _96244 |
||
| 650 | _aWORKFORCE AGREEMENTS | ||
| 650 | _aWORKING TIME DIRECTIVE | ||
| 650 | _aWORKING TIME REGULATIONS 1998 | ||
| 690 | _aOFFICE SERVICES AND ADMINISTRATION | ||
| 942 | _n0 | ||
| 948 | _c14/01/1999 | ||
| 999 |
_c57517 _d57517 |
||